[Event "Dosquebrad op 1st"]
[Site "Dosquebrad"]
[Date "2013.12.14"]
[Round "6"]
[White "Espinoza Palomino, Willyam"]
[Black "Fandino Reyes, Roquelina"]
[Result "1/2-1/2"]
[WhiteElo "2324"]
[BlackElo "2115"]
[PlyCount "32"]
[EventDate "2013.12.11"]
[EventType "swiss"]
[EventRounds "9"]
[EventCountry "COL"]
[SourceTitle "CBM 158 Extra"]
[Source "ChessBase"]
[SourceDate "2014.02.28"]
[SourceVersion "1"]
[SourceVersionDate "2014.02.28"]
[SourceQuality "1"]

1. e4 e5 2. Nf3 Nc6 3. Bb5 a6 4. Ba4 Nf6 5. 0-0 b5 6. Bb3 Bc5 7. c3 d6 8. d4 Bb6 9. a4 Bg4 10. Bg5 Rb8 11. axb5 axb5 12. Bd5 Ne7 13. dxe5 Bxf3 14. Qxf3 Nfxd5 15. exd6 Qd7 16. exd5 f6 1/2-1/2

[Event "Panama op 3rd"]
[Site "Panama City"]
[Date "2013.11.05"]
[Round "9"]
[White "Fandino Reyes, Roquelina"]
[Black "Sanchez Castillo, Sarai Carolina"]
[Result "0-1"]
[WhiteElo "2115"]
[BlackElo "2212"]
[PlyCount "86"]
[EventDate "2013.10.30"]
[EventType "swiss"]
[EventRounds "9"]
[EventCountry "PAN"]
[SourceTitle "EXT 2014"]
[Source "ChessBase"]
[SourceDate "2013.11.20"]
[SourceVersion "1"]
[SourceVersionDate "2013.11.20"]
[SourceQuality "1"]

1. e4 e6 2. d4 d5 3. Nc3 Bb4 4. e5 c5 5. a3 Bxc3+ 6. bxc3 Ne7 7. Qg4 Qc7 8. Qxg7 Rg8 9. Qxh7 cxd4 10. Ne2 dxc3 11. f4 Nbc6 12. Qd3 Bd7 13. Rb1 Rc8 14. h4 Na5 15. Rh3 a6 16. Nd4 b5 17. h5 Qc5 18. h6 Rh8 19. h7 Nec6 20. Nf3 b4 21. Rg3 bxa3 22. f5 Ne7 23. f6 a2 24. Ra1 Bb5 25. Qd4 Qxd4 26. Nxd4 Bxf1 27. Kxf1 Nec6 28. Nxc6 Nxc6 29. Rxa2 Rxh7 30. Rxa6 Rh1+ 31. Kf2 Rxc1 32. Rg8+ Kd7 33. Rxc8 Rxc2+ 34. Kg1 Kxc8 35. Rxc6+ Kb7 36. Rxe6 Rc1+ 37. Kf2 Rc2+ 38. Kg3 Re2 39. Re8 Kc7 40. e6 c2 41. exf7 c1Q 42. Rc8+ Kxc8 43. f8Q+ Kc7 0-1

[Event "Panama op 3rd"]
[Site "Panama City"]
[Date "2013.11.04"]
[Round "7"]
[White "Fandino Reyes, Roquelina"]
[Black "Marrero Lopez, Yaniet"]
[Result "1/2-1/2"]
[WhiteElo "2115"]
[BlackElo "2274"]
[PlyCount "119"]
[EventDate "2013.10.30"]
[EventType "swiss"]
[EventRounds "9"]
[EventCountry "PAN"]
[SourceTitle "EXT 2014"]
[Source "ChessBase"]
[SourceDate "2013.11.20"]
[SourceVersion "1"]
[SourceVersionDate "2013.11.20"]
[SourceQuality "1"]

1. e4 e5 2. Nf3 Nc6 3. Bb5 a6 4. Ba4 Nf6 5. 0-0 Be7 6. Re1 b5 7. Bb3 d6 8. c3 0-0 9. h3 Nd7 10. d4 exd4 11. cxd4 Na5 12. Bc2 c5 13. Nc3 Nb6 14. Bf4 b4 15. Ne2 Nac4 16. Rb1 a5 17. Ng3 g6 18. e5 dxe5 19. Nxe5 Nxe5 20. dxe5 Qxd1 21. Rbxd1 Be6 22. Bb1 Nd5 23. Bh6 Rfd8 24. Ne4 c4 25. Bg5 Bxg5 26. Nxg5 c3 27. Nxe6 fxe6 28. b3 Rac8 29. Bd3 Nf4 30. Ba6 c2 31. Rc1 Nd3 32. Bxd3 Rxd3 33. Kf1 a4 34. bxa4 Ra3 35. Re3 Rxa2 36. Rb3 Rc4 37. Ke2 Rd4 38. a5 Re4+ 39. Kd3 Rxe5 40. Rxb4 Ra3+ 41. Kd2 Rf5 42. f3 Rg5 43. Rg4 Rd5+ 44. Ke2 Rc5 45. Kd2 Ra2 46. a6 Kg7 47. a7 Kf6 48. h4 h5 49. Rf4+ Ke5 50. Re4+ Kf5 51. Rb4 Rxa7 52. g4+ hxg4 53. fxg4+ Ke5 54. Rxc2 Rxc2+ 55. Kxc2 Ra2+ 56. Kd3 Rh2 57. h5 Rh3+ 58. Ke2 g5 59. Kf2 Ra3 60. Kg2 1/2-1/2

[Event "Panama op 3rd"]
[Site "Panama City"]
[Date "2013.11.03"]
[Round "6"]
[White "Arribas Robaina, Maritza"]
[Black "Fandino Reyes, Roquelina"]
[Result "1/2-1/2"]
[WhiteElo "2313"]
[BlackElo "2115"]
[PlyCount "20"]
[EventDate "2013.10.30"]
[EventType "swiss"]
[EventRounds "9"]
[EventCountry "PAN"]
[SourceTitle "EXT 2014"]
[Source "ChessBase"]
[SourceDate "2013.11.20"]
[SourceVersion "1"]
[SourceVersionDate "2013.11.20"]
[SourceQuality "1"]

1. e4 e5 2. Nf3 Nc6 3. Bb5 a6 4. Bxc6 dxc6 5. d4 exd4 6. Qxd4 Qxd4 7. Nxd4 Nf6 8. f3 Bc5 9. Be3 Bd7 10. Nd2 0-0-0 1/2-1/2

[Event "Capablanca Memorial op-A 48th"]
[Site "Havana"]
[Date "2013.04.24"]
[Round "4"]
[White "Fandino Reyes, Roquelina"]
[Black "Campos Vila, Milena"]
[Result "0-1"]
[WhiteElo "2067"]
[BlackElo "2253"]
[PlyCount "84"]
[EventDate "2013.04.21"]
[EventType "swiss"]
[EventRounds "10"]
[EventCountry "CUB"]
[SourceTitle "CBM 154 Extra"]
[Source "ChessBase"]
[SourceDate "2013.06.25"]
[SourceVersion "2"]
[SourceVersionDate "2013.06.25"]
[SourceQuality "1"]

1. e4 c5 2. Nf3 d6 3. Bb5+ Nd7 4. 0-0 a6 5. Bxd7+ Bxd7 6. c3 Nf6 7. Re1 Bc6 8. d4 Bxe4 9. Bg5 Bc6 10. Bxf6 gxf6 11. d5 Bd7 12. Nbd2 Qc7 13. a4 0-0-0 14. a5 e5 15. Nc4 Bg4 16. Nb6+ Kb8 17. Qd3 f5 18. Nd2 e4 19. Qc2 Rg8 20. Kh1 Bh6 21. Ndc4 Qe7 22. Ne3 Bxe3 23. fxe3 Rg6 24. Qf2 Rdg8 25. Rf1 Rh6 26. Rac1 Rg5 27. Qf4 Rgh5 28. Kg1 Rxh2 29. Qxh2 Rxh2 30. Kxh2 Qh4+ 31. Kg1 Qg3 32. Rce1 h5 33. Nd7+ Kc7 34. Nf6 Bf3 35. Rf2 h4 36. Kf1 h3 37. gxf3 h2 38. Rxh2 Qxh2 39. fxe4 fxe4 40. Ne8+ Kd7 41. Nf6+ Ke7 42. Ng8+ Kf8 0-1

[Event "Capablanca Memorial op-A 48th"]
[Site "Havana"]
[Date "2013.04.22"]
[Round "2"]
[White "Ruiz Castillo, Joshua Daniel"]
[Black "Fandino Reyes, Roquelina"]
[Result "1-0"]
[WhiteElo "2357"]
[BlackElo "2067"]
[PlyCount "57"]
[EventDate "2013.04.21"]
[EventType "swiss"]
[EventRounds "10"]
[EventCountry "CUB"]
[SourceTitle "CBM 154 Extra"]
[Source "ChessBase"]
[SourceDate "2013.06.25"]
[SourceVersion "2"]
[SourceVersionDate "2013.06.25"]
[SourceQuality "1"]

1. e4 e5 2. Nf3 Nc6 3. d4 exd4 4. Nxd4 Bc5 5. Nb3 Bb4+ 6. c3 Be7 7. Bd3 Nf6 8. 0-0 0-0 9. f4 d6 10. N1d2 Re8 11. Qc2 h6 12. Nf3 Bf8 13. Bd2 a6 14. Rae1 Nd7 15. Qd1 Nc5 16. Bb1 Be6 17. Nxc5 dxc5 18. Qc2 f6 19. Nh4 Ne7 20. e5 f5 21. g4 g6 22. Nxg6 Bg7 23. Nxe7+ Rxe7 24. gxf5 Bxf5 25. Qxf5 Qxd2 26. Bd3 Rd8 27. Qh7+ Kf8 28. Bc4 Rd5 29. Re2 1-0

[Event "Montcada op 20th"]
[Site "Montcada"]
[Date "2012.06.25"]
[Round "1"]
[White "Fandino Reyes, Roquelina"]
[Black "Munoz Pantoja, Miguel Angel"]
[Result "1/2-1/2"]
[WhiteElo "2092"]
[BlackElo "2484"]
[PlyCount "58"]
[EventDate "2012.06.25"]
[EventType "swiss"]
[EventRounds "9"]
[EventCountry "ESP"]
[SourceTitle "CBM 149 Extra"]
[Source "ChessBase"]
[SourceDate "2012.08.24"]
[SourceVersion "1"]
[SourceVersionDate "2012.08.24"]
[SourceQuality "1"]

1. e4 c5 2. Nf3 Nc6 3. Bb5 g6 4. 0-0 Bg7 5. Re1 e5 6. Bxc6 dxc6 7. d3 b6 8. Be3 Ne7 9. Nbd2 h6 10. a4 Be6 11. a5 0-0 12. axb6 axb6 13. Rxa8 Qxa8 14. b4 cxb4 15. Bxb6 Qa4 16. Bc5 Re8 17. Qb1 Bf6 18. d4 exd4 19. Qxb4 Qxc2 20. Nxd4 Qa2 21. h3 Bxh3 22. Re3 Qa1+ 23. Nf1 Bg4 24. Re1 Qa2 25. Ne3 Be6 26. Re2 Qa1+ 27. Re1 Qa2 28. Re2 Qa1+ 29. Re1 Qa2 1/2-1/2

[Event "Carlos Torre Memorial op 23rd"]
[Site "Merida"]
[Date "2011.12.16"]
[Round "1"]
[White "Fandino Reyes, Roquelina"]
[Black "Ibarra Chami, Luis Fernando"]
[Result "1/2-1/2"]
[WhiteElo "2081"]
[BlackElo "2480"]
[PlyCount "72"]
[EventDate "2011.11.15"]
[EventType "swiss"]
[EventRounds "9"]
[EventCountry "MEX"]
[SourceTitle "CBM 145 Extra"]
[Source "ChessBase"]
[SourceDate "2012.01.03"]
[SourceVersion "1"]
[SourceVersionDate "2012.01.03"]
[SourceQuality "1"]

1. e4 c5 2. Nf3 d6 3. Bb5+ Nd7 4. 0-0 Ngf6 5. Re1 g6 6. c3 Bg7 7. d4 0-0 8. h3 a6 9. Bf1 e5 10. dxe5 Nxe5 11. Nxe5 dxe5 12. Qxd8 Rxd8 13. c4 b6 14. Nc3 Bb7 15. f3 Ne8 16. Be3 Nc7 17. Na4 Rd6 18. b4 cxb4 19. Nxb6 Rad8 20. c5 Rc6 21. Red1 Rxd1 22. Rxd1 Bf8 23. Nd7 Ne6 24. Nxe5 Bxc5 25. Bxc5 Rxc5 26. Nxf7 Kxf7 27. Rd7+ Kf6 28. Rxb7 a5 29. Rb6 Ke5 30. Kf2 Nd4 31. Bd3 Rc3 32. Ke3 Nc2+ 33. Kd2 Nd4 34. Ke3 Nc2+ 35. Kd2 Nd4 36. Ke3 Nc2+ 1/2-1/2

[Event "Balaguer op 16th "]
[Site "Balaguer"]
[Date "2011.07.25"]
[Round "9"]
[White "Kovacevic, Slobodan"]
[Black "Fandino Reyes, Roquelina"]
[Result "1-0"]
[WhiteElo "2325"]
[BlackElo "2145"]
[PlyCount "97"]
[EventDate "2011.07.17"]
[EventType "swiss"]
[EventRounds "9"]
[EventCountry "ESP"]
[SourceTitle "CBM 143 Extra"]
[Source "ChessBase"]
[SourceDate "2011.08.29"]
[SourceVersion "1"]
[SourceVersionDate "2011.08.29"]
[SourceQuality "1"]

1. d4 Nf6 2. Nf3 e6 3. Bf4 c5 4. e3 Qb6 5. Qc1 Nc6 6. c3 Nh5 7. Bg3 Nxg3 8. hxg3 d5 9. Nbd2 Bd7 10. Nb3 cxd4 11. exd4 Be7 12. Bd3 h6 13. Qe3 Rc8 14. g4 g5 15. 0-0 Qc7 16. g3 Bd6 17. Kg2 Ne7 18. Ne5 a6 19. Rh1 f6 20. Nxd7 Qxd7 21. Qf3 Kf7 22. Nd2 Kg7 23. Nf1 e5 24. Bf5 Nxf5 25. Qxf5 Qxf5 26. gxf5 exd4 27. cxd4 Rc2 28. Ne3 Rxb2 29. Rab1 Rxb1 30. Rxb1 b5 31. Rc1 Rd8 32. Rc6 a5 33. Nxd5 Rd7 34. Rb6 b4 35. Rb5 Ra7 36. g4 Kf7 37. Kf3 Bf8 38. Ke4 Bd6 39. f3 Bf8 40. Kd3 Bd6 41. Rb6 Be7 42. Kc4 Bd8 43. Rc6 Rb7 44. Rc8 Be7 45. Ra8 Bd6 46. Rxa5 Rd7 47. Ra6 Be7 48. Re6 Bd8 49. Nxb4 1-0

[Event "American Continental (Women) 06th"]
[Site "Duran"]
[Date "2011.06.20"]
[Round "10"]
[White "Ubaldo Suarez, Maria Gisela"]
[Black "Fandino Reyes, Roquelina"]
[Result "0-1"]
[WhiteElo "2079"]
[BlackElo "2147"]
[PlyCount "93"]
[EventDate "2011.06.12"]
[EventType "swiss"]
[EventRounds "11"]
[EventCountry "ECU"]
[SourceTitle "EXT 2012"]
[Source "ChessBase"]
[SourceDate "2011.11.24"]
[SourceVersion "1"]
[SourceVersionDate "2011.11.24"]
[SourceQuality "1"]

1. d4 d5 2. Nf3 Nf6 3. c4 c6 4. Nc3 a6 5. e3 g6 6. Be2 Bg7 7. 0-0 0-0 8. Ne5 Nbd7 9. f4 dxc4 10. Bxc4 Nb6 11. Bb3 Nbd5 12. Qf3 Nxc3 13. bxc3 Bf5 14. Ba3 Be4 15. Qe2 Qc7 16. Rac1 b6 17. Rfd1 a5 18. c4 c5 19. d5 a4 20. Bc2 Qd6 21. g4 Bxc2 22. Qxc2 Ne8 23. Nf3 Qd7 24. f5 h5 25. h3 hxg4 26. hxg4 Nf6 27. Nh2 Qd6 28. Qg2 Qe5 29. Re1 gxf5 30. Bb2 Qe4 31. gxf5 Qxf5 32. e4 Qg6 33. Rc2 a3 34. Ba1 Ra4 35. Re3 Rb4 36. Bxf6 Qxf6 37. Rg3 Rb1+ 38. Nf1 Rb2 39. Ne3 Rb1+ 40. Nf1 Rd8 41. Rf2 Qe5 42. Qf3 Rf8 43. Kh2 Rb2 44. Rfg2 Rxg2+ 45. Qxg2 f5 46. Nd2 fxe4 47. Nxe4 0-1

[Event "American Continental (Women) 06th"]
[Site "Duran"]
[Date "2011.06.17"]
[Round "7"]
[White "Frometa Castillo, Zirka"]
[Black "Fandino Reyes, Roquelina"]
[Result "1-0"]
[WhiteElo "2126"]
[BlackElo "2147"]
[PlyCount "73"]
[EventDate "2011.06.12"]
[EventType "swiss"]
[EventRounds "11"]
[EventCountry "ECU"]
[SourceTitle "EXT 2012"]
[Source "ChessBase"]
[SourceDate "2011.11.24"]
[SourceVersion "1"]
[SourceVersionDate "2011.11.24"]
[SourceQuality "1"]

1. d4 d5 2. Nf3 c6 3. Bf4 Nf6 4. e3 Nbd7 5. Bd3 g6 6. h3 Bg7 7. Nbd2 0-0 8. 0-0 Re8 9. Bh2 a6 10. c3 c5 11. Ne5 Qb6 12. Rb1 Nxe5 13. Bxe5 Bd7 14. f4 Rac8 15. Qf3 c4 16. Bxf6 exf6 17. Bc2 Qa5 18. a3 Re7 19. e4 Bc6 20. e5 Rd8 21. Qf2 Bd7 22. Nf3 f5 23. Qh4 Rde8 24. g4 Qb6 25. gxf5 Bxf5 26. Bxf5 gxf5 27. Kh2 Re6 28. Rg1 Rg6 29. Qh5 Ree6 30. Ng5 h6 31. Nxe6 Qxe6 32. Qh4 Kh7 33. Rxg6 fxg6 34. Qd8 g5 35. Rg1 g4 36. hxg4 fxg4 37. Qh4 1-0

[Event "American Continental (Women) 06th"]
[Site "Duran"]
[Date "2011.06.13"]
[Round "2"]
[White "Fandino Reyes, Roquelina"]
[Black "Mendoza Velazquez, Lorena Alejandra"]
[Result "0-1"]
[WhiteElo "2147"]
[BlackElo "2033"]
[PlyCount "72"]
[EventDate "2011.06.12"]
[EventType "swiss"]
[EventRounds "11"]
[EventCountry "ECU"]
[SourceTitle "EXT 2012"]
[Source "ChessBase"]
[SourceDate "2011.11.24"]
[SourceVersion "1"]
[SourceVersionDate "2011.11.24"]
[SourceQuality "1"]

1. Nf3 c5 2. e4 a6 3. c3 g6 4. Be2 Bg7 5. 0-0 Nc6 6. d3 d6 7. a4 Nf6 8. Nbd2 Rb8 9. Re1 0-0 10. Bf1 Nd7 11. h3 b5 12. axb5 axb5 13. Nb3 b4 14. c4 e5 15. Be3 h6 16. Qc1 Kh7 17. Nh2 f5 18. exf5 Rxf5 19. g4 Rf8 20. Bg2 Bb7 21. g5 h5 22. Nd2 Nd4 23. f3 Ne6 24. Ne4 Bxe4 25. fxe4 Nf4 26. Bxf4 exf4 27. h4 Bd4+ 28. Kf1 Ne5 29. Ra7+ Kg8 30. Qd2 Qc8 31. Nf3 Qg4 32. Qe2 Qg3 33. Rb1 Ng4 34. Nxd4 cxd4 35. e5 Ne3+ 36. Kg1 f3 0-1

[Event "Pan American Continental"]
[Site "Cali"]
[Date "2010.11.17"]
[Round "1"]
[White "Fandino Reyes, Roquelina"]
[Black "Cori, Jorge Moise"]
[Result "0-1"]
[WhiteElo "2177"]
[BlackElo "2496"]
[PlyCount "76"]
[EventDate "2010.11.17"]
[EventType "swiss"]
[EventRounds "9"]
[EventCountry "COL"]
[SourceTitle "CBM 139 Extra"]
[Source "ChessBase"]
[SourceDate "2011.01.05"]
[SourceVersion "1"]
[SourceVersionDate "2011.01.05"]
[SourceQuality "1"]
[BlackTeam "Peru"]
[BlackTeamCountry "PER"]

1. e4 e5 2. Nf3 Nc6 3. Bb5 a6 4. Ba4 Nf6 5. 0-0 Be7 6. Re1 b5 7. Bb3 d6 8. a4 Bg4 9. c3 Na5 10. Bc2 c5 11. d3 0-0 12. Nbd2 Re8 13. Nf1 Bf8 14. Bg5 h6 15. Bh4 Bh5 16. Ne3 g5 17. Bg3 Bg6 18. h3 b4 19. Nd2 bxc3 20. bxc3 d5 21. Rb1 Rc8 22. Bh2 d4 23. cxd4 cxd4 24. Nec4 Nxc4 25. Nxc4 Nxe4 26. dxe4 Rxc4 27. Bd3 Rc6 28. Re2 Qa5 29. Reb2 Rec8 30. Bg3 Ba3 31. Rb8 Rxb8 32. Rxb8+ Kg7 33. Kh2 Rc1 34. Qe2 Bd6 35. Ra8 Qc3 36. f3 Qa1 37. Bf2 Rh1+ 38. Kg3 Qc1 0-1

[Event "Pan American Continental"]
[Site "Cali"]
[Date "2010.11.17"]
[Round "2"]
[White "Tobar, Juan Carlos"]
[Black "Fandino Reyes, Roquelina"]
[Result "1-0"]
[WhiteElo "2016"]
[BlackElo "2177"]
[PlyCount "126"]
[EventDate "2010.11.17"]
[EventType "swiss"]
[EventRounds "9"]
[EventCountry "COL"]
[SourceTitle "CBM 139 Extra"]
[Source "ChessBase"]
[SourceDate "2011.01.05"]
[SourceVersion "1"]
[SourceVersionDate "2011.01.05"]
[SourceQuality "1"]

1. g3 e5 2. Bg2 d5 3. d3 Nf6 4. e3 c6 5. Nd2 Be7 6. Ne2 0-0 7. b3 Be6 8. Bb2 Nbd7 9. 0-0 Qc7 10. h3 Nb6 11. Kh1 Rad8 12. f4 exf4 13. Nxf4 c5 14. Qe2 c4 15. Bd4 cxd3 16. cxd3 Qd7 17. g4 Rc8 18. Nf3 Ne8 19. Rf2 f6 20. Bxb6 axb6 21. Nxe6 Qxe6 22. Nd4 Qd7 23. Qf3 Nc7 24. Nf5 Ba3 25. Rb1 Rcd8 26. b4 Rfe8 27. Rb3 Ra8 28. Rc2 Ra4 29. Rbc3 Nb5 30. Qxd5+ Qxd5 31. Bxd5+ Kf8 32. Rc8 g6 33. Ng3 Rxb4 34. Rxe8+ Kxe8 35. Bxb7 Nd6 36. Bd5 Rb1+ 37. Kg2 Rd1 38. d4 Kd8 39. Kf3 Rb1 40. Ne2 Rf1+ 41. Kg3 f5 42. Kg2 Re1 43. Kf2 Rb1 44. Ng3 Bb4 45. gxf5 gxf5 46. Be6 Ke7 47. Bd5 f4 48. exf4 Be1+ 49. Kf3 Bxg3 50. Kxg3 Nf5+ 51. Kf2 Nxd4 52. Rd2 Nb5 53. Bb3 h6 54. Re2+ Kd7 55. Re3 Nd6 56. f5 Rb2+ 57. Kf3 Ne8 58. Be6+ Ke7 59. Bb3+ Kd7 60. Re6 Rb1 61. Rxb6 Nd6 62. Be6+ Ke7 63. Rxb1 h5 1-0

[Event "Aragon-chT Preferente"]
[Site "Spain"]
[Date "2010.04.11"]
[Round "12.6"]
[White "Fandino Reyes, Roquelina"]
[Black "Gella Bitrian, Diego"]
[Result "1-0"]
[WhiteElo "2140"]
[BlackElo "1950"]
[PlyCount "93"]
[EventDate "2010.01.23"]
[EventType "team-swiss"]
[EventRounds "12"]
[EventCountry "ESP"]
[SourceTitle "EXT 2013"]
[Source "ChessBase"]
[SourceDate "2012.11.22"]
[SourceVersion "1"]
[SourceVersionDate "2012.11.22"]
[SourceQuality "1"]
[WhiteTeam "Jaime Casas II"]
[BlackTeam "Huesca Club Atletismo"]
[WhiteTeamCountry "ESP"]
[BlackTeamCountry "ESP"]

1. e4 c5 2. Nf3 d6 3. Bb5+ Nd7 4. 0-0 Ngf6 5. Re1 e5 6. c3 a6 7. Bf1 Be7 8. a4 0-0 9. d3 Qc7 10. Nbd2 b6 11. Nc4 Bb7 12. Ne3 g6 13. h3 b5 14. a5 Nh5 15. Nd5 Bxd5 16. exd5 f5 17. Bh6 Rf6 18. Ng5 Nf4 19. c4 bxc4 20. dxc4 Bf8 21. Bxf8 Nxf8 22. g3 Nh5 23. Bg2 Rb8 24. Ra2 e4 25. h4 h6 26. Nh3 Nd7 27. Qc1 Kh7 28. Qc3 Rf7 29. Bf1 Ne5 30. Be2 Nf6 31. Nf4 Rb4 32. b3 Qb8 33. Ra3 Rfb7 34. Rb1 Qg8 35. Ne6 g5 36. hxg5 hxg5 37. Kg2 Kh8 38. Rh1+ Rh7 39. Rxh7+ Nxh7 40. Nxc5 f4 41. Nxe4 Qf8 42. f3 Rb7 43. c5 Rc7 44. b4 fxg3 45. Nxd6 Qf4 46. Qe3 Qf6 47. Ne8 1-0

[Event "CUB-ch (Women)"]
[Site "Holguin"]
[Date "2010.02.22"]
[Round "9"]
[White "Fandino Reyes, Roquelina"]
[Black "Hernandez Moya, Yuleisis"]
[Result "0-1"]
[WhiteElo "2186"]
[BlackElo "2179"]
[PlyCount "94"]
[EventDate "2010.02.13"]
[EventType "tourn"]
[EventRounds "13"]
[EventCountry "CUB"]
[SourceTitle "CBM 135 Extra"]
[Source "ChessBase"]
[SourceDate "2010.05.04"]
[SourceVersion "1"]
[SourceVersionDate "2010.05.04"]
[SourceQuality "1"]

1. e4 e6 2. d4 d5 3. Nc3 Nf6 4. Bg5 Bb4 5. e5 h6 6. exf6 hxg5 7. fxg7 Rg8 8. a3 Bd6 9. h4 gxh4 10. Qh5 Qf6 11. Nf3 Qxg7 12. Qxh4 a6 13. 0-0-0 Nc6 14. Re1 Ne7 15. Kb1 Bd7 16. Qh7 0-0-0 17. Qxg7 Rxg7 18. Ne5 Nf5 19. Nxd7 Kxd7 20. Rd1 Rg4 21. Ne2 c5 22. c3 cxd4 23. Nxd4 Nxd4 24. cxd4 Bb8 25. Rh3 Ba7 26. Rhd3 Rc8 27. R3d2 Rh8 28. f3 Rf4 29. Ka2 Kd6 30. Rd3 Rh1 31. Kb3 Rxd4 32. Rxd4 Bxd4 33. Rxd4 Rxf1 34. Rb4 b5 35. a4 Kc5 36. axb5 axb5 37. Rg4 Rf2 38. Rg7 f5 39. Rg6 e5 40. Rg5 Kd4 41. Ka2 f4 42. Rg4 Kc4 43. Rg5 e4 44. Rf5 e3 45. Rxf4+ Kd3 46. Rb4 d4 47. Rxb5 e2 0-1

[Event "CUB-ch (Women)"]
[Site "Holguin"]
[Date "2010.02.21"]
[Round "8"]
[White "Arribas Robaina, Maritza"]
[Black "Fandino Reyes, Roquelina"]
[Result "1-0"]
[WhiteElo "2286"]
[BlackElo "2186"]
[PlyCount "111"]
[EventDate "2010.02.13"]
[EventType "tourn"]
[EventRounds "13"]
[EventCountry "CUB"]
[SourceTitle "CBM 135 Extra"]
[Source "ChessBase"]
[SourceDate "2010.05.04"]
[SourceVersion "1"]
[SourceVersionDate "2010.05.04"]
[SourceQuality "1"]

1. e4 e5 2. Nf3 Nc6 3. Bb5 a6 4. Ba4 Nf6 5. 0-0 b5 6. Bb3 Bc5 7. Nxe5 Nxe5 8. d4 Bxd4 9. Qxd4 d6 10. c3 0-0 11. Bg5 h6 12. Bh4 c5 13. Qd1 c4 14. Bc2 g5 15. Bg3 Bg4 16. f3 Bh5 17. Nd2 Nfd7 18. b3 Rc8 19. a4 cxb3 20. Nxb3 Qc7 21. axb5 axb5 22. Nd4 Qxc3 23. Bb3 Bg6 24. Nxb5 Qc5+ 25. Nd4 Qc3 26. Ne2 Qe3+ 27. Bf2 Qd3 28. Qxd3 Nxd3 29. Ra6 N7c5 30. Rxd6 Nxf2 31. Rxg6+ Kh7 32. Rb6 Nfd3 33. Bd5 Rc7 34. g3 Nd7 35. Rd6 Nb4 36. Bb3 Nc5 37. Rc1 Rcc8 38. Bc4 g4 39. fxg4 Nxe4 40. Rb6 Rb8 41. Rxb8 Rxb8 42. Bxf7 Nd3 43. Rd1 Nef2 44. Rd2 Rf8 45. Be6 Kg7 46. Nd4 Kf6 47. Rxf2+ Nxf2 48. Kxf2 Rb8 49. Bf5 Rb2+ 50. Ne2 Ke5 51. Bd3 Rb3 52. Ke3 Ra3 53. Nd4 Ra2 54. Nf3+ Kf6 55. h4 Ra4 56. Be4 1-0

[Event "CUB-ch (Women)"]
[Site "Holguin"]
[Date "2010.02.18"]
[Round "6"]
[White "Linares Napoles, Oleiny"]
[Black "Fandino Reyes, Roquelina"]
[Result "1-0"]
[WhiteElo "2293"]
[BlackElo "2186"]
[PlyCount "166"]
[EventDate "2010.02.13"]
[EventType "tourn"]
[EventRounds "13"]
[EventCountry "CUB"]
[SourceTitle "CBM 135 Extra"]
[Source "ChessBase"]
[SourceDate "2010.05.04"]
[SourceVersion "1"]
[SourceVersionDate "2010.05.04"]
[SourceQuality "1"]

1. Nf3 d5 2. b3 Bg4 3. Bb2 Nf6 4. Ne5 Bf5 5. e3 e6 6. Be2 c6 7. 0-0 h6 8. d3 Be7 9. Nd2 Qa5 10. a3 Qc7 11. c4 0-0 12. Qc2 a5 13. Rfe1 Rd8 14. Rac1 Nbd7 15. Ndf3 Nxe5 16. Bxe5 Qd7 17. cxd5 exd5 18. Qb2 Ne8 19. Bc3 Bf6 20. Ne5 Qe7 21. Bf1 Nd6 22. a4 Re8 23. f4 Qd8 24. Bd4 Bh7 25. g4 Nc8 26. Rc2 Bxe5 27. Bxe5 f6 28. Bd4 Qd7 29. Rg2 Re6 30. Qf2 b6 31. g5 hxg5 32. fxg5 f5 33. Qh4 c5 34. Bb2 Nd6 35. Rg3 Bg6 36. Bg2 Nf7 37. Qf4 Rd8 38. Rc1 Qe7 39. d4 Kh8 40. Ba3 Rc6 41. Rd1 Qe6 42. dxc5 bxc5 43. Bb2 Rb6 44. Ba3 Rc6 45. Bf1 Kg8 46. Bb5 Rcc8 47. Rc1 Nd6 48. Rg2 Ne4 49. Rgc2 Qe7 50. h4 Rc7 51. Rh2 Bh5 52. Bb2 Bg4 53. Rhc2 Rcc8 54. Be5 Qf7 55. Bb2 Qe7 56. Kg2 Rc7 57. Be5 Rcc8 58. Bd4 Rc7 59. Be5 Rcc8 60. Bd3 c4 61. Bxe4 dxe4 62. Bd4 Qb7 63. bxc4 Rxd4 64. exd4 Qb3 65. Rc3 Qb2+ 66. R1c2 Qa1 67. Qc1 Qxa4 68. d5 Qd7 69. Qf4 Re8 70. Rd2 a4 71. c5 Qb5 72. Qf1 Qb4 73. Qc4 Qb1 74. Rc1 Qb8 75. d6+ Kh7 76. Qxa4 e3 77. Rdc2 Re4 78. Rc4 Qb2+ 79. Qc2 Qe5 80. d7 Qf4 81. Rf1 Bh3+ 82. Kxh3 Qxh4+ 83. Kg2 Qg4+ 1-0

[Event "CUB-ch (Women)"]
[Site "Holguin"]
[Date "2010.02.13"]
[Round "1"]
[White "Fandino Reyes, Roquelina"]
[Black "Perez Rodriguez, Jennifer"]
[Result "1/2-1/2"]
[WhiteElo "2186"]
[BlackElo "2258"]
[PlyCount "95"]
[EventDate "2010.02.13"]
[EventType "tourn"]
[EventRounds "13"]
[EventCountry "CUB"]
[SourceTitle "CBM 135 Extra"]
[Source "ChessBase"]
[SourceDate "2010.05.04"]
[SourceVersion "1"]
[SourceVersionDate "2010.05.04"]
[SourceQuality "1"]

1. e4 e5 2. Nf3 Nc6 3. Bb5 f5 4. Nc3 fxe4 5. Nxe4 Nf6 6. d3 d6 7. h3 Be7 8. 0-0 0-0 9. Ng3 Kh8 10. c3 Nd5 11. d4 exd4 12. Bxc6 bxc6 13. Nxd4 Bd7 14. Qe2 Bh4 15. Bd2 Qf6 16. Nf3 Bxg3 17. fxg3 Qg6 18. Qf2 Kg8 19. Rad1 c5 20. Rfe1 Qf7 21. g4 Rae8 22. Qh4 Nf6 23. b3 Bc6 24. c4 Rxe1+ 25. Rxe1 Re8 26. Rxe8+ Qxe8 27. Qe1 Qxe1+ 28. Nxe1 Be4 29. a3 Bb1 30. Ba5 Ba2 31. Bxc7 Ne4 32. Nd3 Bxb3 33. Nf2 Nxf2 34. Kxf2 d5 35. cxd5 Bxd5 36. g3 Kf7 37. Bb8 a6 38. Ba7 c4 39. Bd4 g6 40. Ke3 Bg2 41. h4 Ke6 42. Kf4 Kd5 43. Bc3 Bf1 44. a4 Be2 45. a5 Bd1 46. g5 Be2 47. Ke3 Bd1 48. Kf4 1/2-1/2